Lengua y Literatura española (Primer Curso).

Gespeichert in:
Bibliographische Detailangaben
1. Verfasser: Edelvives. Autor
Format: keine Angabe
Sprache:Spanisch
Erschienen: Zaragoza Luis Vives 1944
Katalog:MANES:  Suchergebnis im Bibliothekskatalog
Schulbuchspezifische Eigenschaften:
Tags: Tag hinzufügen
Keine Tags, Fügen Sie den ersten Tag hinzu!
Hinzugefügt zu:26.04.2016
Geändert in:07.05.2025

MARC

LEADER 000000000a22000000004500
001 08430
003 OSt
005 20250507133331.0
008 160427s sp ||||| |||| 00| 0 spa d
040 |c centro_manes 
041 1 |a spa 
561 |5 es-CICE  |a España. Centro Internacional de la Cultura Escolar  |k MANES 
691 0 |a SE 
100 1 |a Edelvives. Autor  |9 3255 
245 0 0 |a Lengua y Literatura española (Primer Curso). 
260 3 |a Zaragoza  |b Luis Vives  |c 1944 
300 |a 159 p.  |c 20,5 x 15 cm 
500 |a Editado en Cartoné. 
690 0 |a LEN 
942 |2 ddc  |c BK 
546 |a España 
999 |c 14404  |d 14404 
999 |c manes:14404  |d 14404